| 000 | 00363nam a22001337a 4500 | ||
|---|---|---|---|
| 008 | 251124b |||||||| |||| 00| 0 eng d | ||
| 020 | _a81-87972-09-2 | ||
| 100 | _aR. Gaonkar | ||
| 245 | _aMicroprocessor Architecture Programming & Application with the 8085 5th Ed. | ||
| 250 | _a5th Ed. | ||
| 260 |
_aIndia _bPearson _c1989 |
||
| 300 | _a820 | ||
| 942 |
_2ddc _cBK |
||
| 999 |
_c21639 _d21639 |
||